000 00563nam a2200169Ia 4500
008 090711s9999 xx 000 0 und d
082 _b67749
100 _aमंगेशकर गीता / बांदोडकर गौरी
245 _aबोरबन
260 _c1991
300 _a184
600 _aमंगेशकर गीता / बांदोडकर गौरी
630 _aबोरबन
700 _aमंगेशकर गीता / बांदोडकर गौरी
730 _aबोरबन
942 _cBOOK
999 _c303697
_d303697